[Event "London op Congress August U1900"]
[Site "London"]
[Date "2013.08.26"]
[Round "6"]
[White "Zhao, Haolin"]
[Black "Barker, Gregory"]
[Result "1-0"]
[WhiteElo "1259"]
[BlackElo "1658"]
[PlyCount "60"]
[EventDate "2013.08.24"]
[EventType "swiss"]
[EventRounds "6"]
[EventCountry "ENG"]
[SourceTitle "EXT 2023"]
[Source "ChessBase"]
[SourceDate "2022.10.05"]
[SourceVersion "1"]
[SourceVersionDate "2022.10.05"]
[SourceQuality "1"]

1. e4 c5 2. Nc3 Nc6 3. f4 g6 4. Nf3 Bg7 5. Bb5 a6 6. Bxc6 dxc6 7. 0-0 Nf6 8. d3 0-0 9. h3 Qc7 10. Be3 b6 11. Ne2 Rd8 12. Qe1 a5 13. e5 Nd5 14. Bd2 Ba6 15. a3 c4 16. dxc4 Bxc4 17. b3 Bxe2 18. Qxe2 Qa7 19. Kh1 c5 20. c4 Nc7 21. Rfd1 Ne6 22. Be3 Bh6 23. g3 Rxd1+ 24. Rxd1 Rd8 25. Rxd8+ Nxd8 26. Qd1 Qc7 27. Kg2 Ne6 28. Qd5 Kf8 29. Ng5 Bxg5 30. fxg5 Qxe5 1-0